| 000 | 01010aab a2200217 4500 | ||
|---|---|---|---|
| 001 | 768714001 | ||
| 003 | CO-MdFUSB | ||
| 005 | 20240612145124.0 | ||
| 008 | 170519s1998 cr ||||| |||| 00| 0 spa d | ||
| 022 | _a1409-1968 | ||
| 040 |
_aCO-MdFUSB _bspa _cCO-MdFUSB _dCO-MdFUSB |
||
| 041 | _aspa | ||
| 100 | 1 |
_aBarrientos Paninski, Alberto (1935-) _eautor |
|
| 245 | 1 | 0 |
_aConflictos y oportunidades para la iglesia en el siglo XXI _c/ Alberto Barrientos Paninski |
| 300 |
_aVolumen 16. Número 2 (1999), páginas 6-10 _c: 27 cm. |
||
| 520 | _aLo cierto es que hay que seguir evangelizando las zonas rurales, sean ellas costas, mesetas, sierras selvas o desiertos. La iglesia del siglo XXI no podrá vivir "confesando prosperidad" y dedicándose a complacerse a si misma, cuando tiene una extensa y urgente misión que cumplir. | ||
| 653 | _aEclesiología | ||
| 773 | 0 |
_tApuntes Pastorales _049442 _960166 _gVolumen 16. Numero 2 (ene. - mar., 1999 ), páginas 6-10 _qPágina 6 |
|
| 942 | _cANA | ||
| 945 | _aJTF-925 | ||
| 999 |
_c59564 _d59564 |
||